[Event "Copenhagen Open-05 (Politiken Cup-04)"]
[Site "Copenhagen"]
[Date "1983.10.17"]
[Round "4"]
[White "Niklasson, Christer"]
[Black "Hartung Nielsen, Jens"]
[Result "1/2-1/2"]
[WhiteElo "2400"]
[BlackElo "2250"]
[PlyCount "82"]
[EventDate "1983.10.14"]
[EventType "swiss"]
[EventRounds "9"]
[EventCountry "DEN"]
[SourceTitle "EXT 2003"]
[Source "ChessBase"]
[SourceDate "2002.11.25"]
[SourceVersion "1"]
[SourceVersionDate "2002.11.25"]
[SourceQuality "1"]

1. d4 Nf6 2. Nf3 g6 3. Bf4 Bg7 4. e3 c5 5. d5 0-0 6. Nc3 d6 7. h3 Na6 8. Bc4 Nc7 9. 0-0 a6 10. a4 b6 11. e4 Rb8 12. Re1 b5 13. axb5 axb5 14. Bf1 b4 15. Na4 Bd7 16. e5 Nfe8 17. Bc4 Bb5 18. b3 Bxc4 19. bxc4 Na8 20. c3 bxc3 21. Nxc3 Rb4 22. Qd3 Nb6 23. Nd2 dxe5 24. Bxe5 Nd6 25. Bxg7 Kxg7 26. Na2 Ra4 27. Nc3 Rb4 28. Ra7 Re8 29. Na2 Ra4 30. Rxa4 Nxa4 31. Qa3 Qa5 32. Qe3 Nb6 33. Qc3+ Qxc3 34. Nxc3 Nbxc4 35. Nxc4 Nxc4 36. Na4 Kf8 37. Rc1 Nd6 38. Rxc5 Ra8 39. Nc3 Ra1+ 40. Kh2 Rc1 41. Ne4 Rxc5 1/2-1/2

[Event "Copenhagen Open-05 (Politiken Cup-04)"]
[Site "Copenhagen"]
[Date "1983.10.15"]
[Round "2"]
[White "Niklasson, Christer"]
[Black "Auchenberg, Per"]
[Result "0-1"]
[WhiteElo "2400"]
[BlackElo "2240"]
[PlyCount "64"]
[EventDate "1983.10.14"]
[EventType "swiss"]
[EventRounds "9"]
[EventCountry "DEN"]
[SourceTitle "EXT 2003"]
[Source "ChessBase"]
[SourceDate "2002.11.25"]
[SourceVersion "1"]
[SourceVersionDate "2002.11.25"]
[SourceQuality "1"]

1. g3 d5 2. f4 g6 3. Nf3 Bg7 4. Bg2 c5 5. 0-0 Nc6 6. d3 d4 7. c3 Nh6 8. e4 dxc3 9. bxc3 0-0 10. Qe2 b6 11. Bb2 Ba6 12. Rd1 Qd7 13. Na3 Rad8 14. Bf1 e5 15. Nxe5 Nxe5 16. fxe5 Bxe5 17. Qd2 Bg7 18. Qf4 f5 19. e5 Ng4 20. d4 Bh6 21. Bxa6 Bxf4 22. gxf4 Ne3 23. Re1 cxd4 24. cxd4 Qa4 25. Rxe3 Qxa6 26. e6 Rfe8 27. Rc1 b5 28. Rce1 b4 29. e7 Rd7 30. Re6 Qd3 31. Nb1 Kf7 32. d5 Rdxe7 0-1

[Event "Copenhagen Open-05 (Politiken Cup-04)"]
[Site "Copenhagen"]
[Date "1983.10.14"]
[Round "1"]
[White "Bjerring, Kai"]
[Black "Niklasson, Christer"]
[Result "1-0"]
[WhiteElo "2310"]
[BlackElo "2400"]
[PlyCount "69"]
[EventDate "1983.10.14"]
[EventType "swiss"]
[EventRounds "9"]
[EventCountry "DEN"]
[SourceTitle "EXT 2003"]
[Source "ChessBase"]
[SourceDate "2002.11.25"]
[SourceVersion "1"]
[SourceVersionDate "2002.11.25"]
[SourceQuality "1"]

1. e4 c5 2. Nf3 e6 3. d4 cxd4 4. Nxd4 a6 5. Nc3 Qc7 6. g3 Bb4 7. Bd2 Nc6 8. Nxc6 bxc6 9. Qg4 Bf8 10. Qe2 d6 11. g4 h6 12. Bg2 Nf6 13. h4 Be7 14. g5 hxg5 15. hxg5 Rxh1+ 16. Bxh1 Nd7 17. f4 g6 18. 0-0-0 Bb7 19. Bf3 0-0-0 20. Rh1 d5 21. exd5 cxd5 22. Nxd5 Bxd5 23. Bxd5 Nc5 24. Bg2 Rd4 25. Kb1 Qb6 26. Rh8+ Kd7 27. Be3 Rb4 28. Qd2+ Bd6 29. Qc3 Qb5 30. a3 Rc4 31. Qf6 Be7 32. Qxf7 Kd6 33. Re8 Qd7 34. Bf1 Re4 35. Rxe7 1-0

[Event "Bundesliga 1979/80 West"]
[Site "Germany West"]
[Date "1980.02.10"]
[Round "5"]
[White "Kavalek, Lubomir"]
[Black "Niklasson, Christer"]
[Result "1-0"]
[WhiteElo "2600"]
[BlackElo "2395"]
[PlyCount "63"]
[EventDate "1979.10.14"]
[EventType "team-tourn"]
[EventRounds "7"]
[EventCountry "GER"]
[SourceTitle "EXT 2001"]
[Source "ChessBase"]
[SourceDate "2000.11.22"]
[SourceVersion "1"]
[SourceVersionDate "2000.11.22"]
[SourceQuality "1"]

1. c4 c5 2. Nf3 Nf6 3. Nc3 b6 4. d4 cxd4 5. Nxd4 Bb7 6. Bg5 d6 7. Bxf6 gxf6 8. e4 Nc6 9. Nc2 f5 10. exf5 Bg7 11. Ne3 Bxc3+ 12. bxc3 Qd7 13. Qh5 Rf8 14. Be2 0-0-0 15. 0-0 Kb8 16. Rfd1 Ka8 17. Bf3 Rc8 18. c5 bxc5 19. Nc4 f6 20. Rab1 Rc7 21. Qxh7 Nd8 22. Bxb7+ Nxb7 23. Ne3 e5 24. Qxd7 Rxd7 25. h4 Kb8 26. Rb3 Kc8 27. Ra3 Kb8 28. Ra6 Rfd8 29. Nd5 Rf7 30. g3 Rh8 31. Kg2 Rh5 32. Ne3 1-0

[Event "EU-chT 07th Final"]
[Site "Skara"]
[Date "1980.01.22"]
[Round "3.6"]
[White "Niklasson, Christer"]
[Black "Vaganian, Rafael A"]
[Result "0-1"]
[WhiteElo "2395"]
[BlackElo "2590"]
[PlyCount "72"]
[EventDate "1980.01.20"]
[EventType "team-tourn"]
[EventRounds "7"]
[EventCountry "SWE"]
[SourceTitle "EU-chT"]
[Source "ChessBase"]
[SourceDate "1999.07.01"]
[SourceVersion "2"]
[SourceVersionDate "1999.07.01"]
[SourceQuality "1"]
[WhiteTeam "Sweden"]
[BlackTeam "Soviet Union"]
[WhiteTeamCountry "SWE"]
[BlackTeamCountry "URS"]

1. Nf3 Nf6 2. c4 g6 3. b3 d6 4. Bb2 e5 5. e3 Bg7 6. Be2 0-0 7. 0-0 Re8 8. d3 Nc6 9. Nc3 d5 10. cxd5 Nxd5 11. Rc1 a5 12. Qc2 Ncb4 13. Qb1 Nxc3 14. Bxc3 c5 15. Rfd1 b6 16. Qa1 Qe7 17. a3 Nd5 18. Bb2 Bb7 19. Nd2 f5 20. e4 Nf4 21. Bf1 Rad8 22. Nc4 fxe4 23. dxe4 Bxe4 24. Rxd8 Nh3+ 25. Kh1 Nxf2+ 26. Kg1 Nh3+ 27. Kh1 Qxd8 28. Nxe5 Bd5 29. Ng4 Bd4 30. Bxd4 cxd4 31. Bc4 Bxc4 32. bxc4 h5 33. Qb1 Kg7 34. gxh3 Re2 35. Nf2 Rxf2 36. Qe4 Qd6 0-1